000 01420nam0a22002771 4500
001 rc\962702
005 20260407100155.0
035 _a(NLR Aleph) 006132302
090 _a5574491
_c5574491
100 _a20041129d1982 |||y0rusy50 ca
101 0 _arus
102 _aRU
105 _ay |||||||||
200 1 _aТеатральная критика и современность
_eСеминарий по театр. критике
_eУчеб. пособие для слушателей фак. повышения квалификации
_f[Ю.М. Барбой, В.В. Иванова, Е.С. Калмановский и др.
_gОтв. ред. В.В. Иванова]
210 _aЛ.
_cЛГИТМиК
_d1982
215 _a75 с.
_d22
300 _aВ надзаг.: М-во культуры РСФСР, Ленингр. гос. ин-т театра, музыки и кинематографии
701 1 _aБарбой
_bЮ.М.
_gЮрий Михайлович
702 1 _4340
_aИванова
_bВ. В.
_cтеатровед
_f1921-1996
_gВера Викторовна
_9227557
_3RU\NLR\AUTH\770227613
712 0 2 _aЛенинградский институт театра, музыки и кинематографии им. Н. К. Черкасова
_3RU\NLR\AUTH\889926114
_9348017
801 0 _aRU
_bNLR
_gpsbo
801 1 _aRU
_bELAR
_2rusmarc
852 _aNLR
_j83-6/5608
942 _cBOOK
980 _aNB